Keress, hogy nyaralhass!
Elmentve itt :
| Dokumentumtípus: | Cikk |
|---|---|
| Megjelent: |
1996-06-17
|
| Sorozat: | Délmagyarország
86 No. 140 |
| Kulcsszavak: | Meló-Diák |
| Online Access: | http://dmarchiv.bibl.u-szeged.hu/79523 |
| LEADER | 00392nab a2200145 i 4500 | ||
|---|---|---|---|
| 001 | delm79523 | ||
| 005 | 20191014125654.0 | ||
| 008 | 191014s1996 hu o 0|| hun d | ||
| 040 | |a SZTE Délmagyarország Archívum |b hun | ||
| 041 | |a hun | ||
| 245 | 0 | 0 | |a Keress, hogy nyaralhass! |h [elektronikus dokumentum] |
| 260 | |c 1996-06-17 | ||
| 300 | |a 11 | ||
| 490 | 0 | |a Délmagyarország |v 86 No. 140 | |
| 695 | |a Meló-Diák | ||